Princípy uplatňovania regionálnej politiky v EÚ

Gespeichert in:
Bibliographische Detailangaben
1. Verfasser: Csabay, Marek
Format: Buchkapitel
Sprache:Slowakisch
Tags: Tag hinzufügen
Keine Tags, Fügen Sie das erste Tag hinzu!

MARC

LEADER 00000nla$a2200000$$$4500
001 0060684
005 20240502071655.7
041 0 |a slo 
044 |a SK 
245 1 0 |a Princípy uplatňovania regionálnej politiky v EÚ  |c Marek Csabay 
100 1 |a Csabay, Marek